000 00875nam a2200277 a 4500
001 53189
003 BD-RjUL
005 20211209075925.0
008 161003s1982 nyua b 001 0 eng
020 _a0442288182
035 _a(BD-RjUL)53309
040 _aDLC
_cDLC
_dDLC
_dBD-RjUL
_beng
041 _aeng
082 0 0 _223
_a658.3125
_bMIR 1982
100 1 _aMiller, Elwood L.
_9158996
245 1 0 _aResponsibility accounting and performance evaluations /
_cElwood L. Miller.
260 _aNew York :
_bVan Nostrand Reinhold,
_cc1982.
300 _axiii, 238 p. :
_bill. ;
_c24 cm.
500 _aIncludes index.
504 _aBibliography: p. 223-227.
650 0 _aExecutives
_xRating of.
_9158997
650 0 _aInternational business enterprises
_xAccounting.
_9158998
650 0 _aResponsibility accounting.
_9158999
942 _2ddc
_cBK
999 _c53189
_d53189